1441 1452 1043 1725 1165 1082 1946 1284 1175 1206 1129 1486 1999 2000 1503 1713 1304 1887 1110 1174 1616 1314 1950 1994 1450 1649 1848 1713 1221 1685 1947 1668 1563 1599 1165 1950 1030 1342 1861 1105 1536 1890 1889 1230 1314 1835 1312 1512 1055 1549 1885 1001 1761 1895 1679 1933 1754 1599 1425 1753 1744 1000 1088 1932 1624 1364 1979 1423 1709 1361 1317 1604 1116 1714 1030 1280 1052 1830 1794 1284 1241 1926 1013 1959 1666 1111 1614 1053 1917 1271 1233 1722 1832 1425 1312 1043 1358 1773 1317 BCNSPRNW ULIB Ver.6.0+V

เปลี่ยนเป็นภาษาไทย

Change to English
 แสดงรายละเอียดบรรณานุกรม
  กลับหน้าหลัก

Brief Record : Get Marc (ISO 2709) : E-mail record : QR code < ปิดหน้าต่าง
LEADER : 00000nam 2200000uu 4500
001    13399122849
003     ULIB
008    131022s2555||||th 000 0 tha d
020    ^a9789742474058
050  4 ^aDS520^bพ517ร
100    ^aพัชรา โพธิ์กลาง
245    ^aเราคืออาเซียน-- ประชาคมอาเซียน /^cพัชรา โพธิ์กลาง
250    ^aพิมพ์ครั้งที่ 4
260    ^aกรุงเทพฯ :^bอมรินทร์คอมมิกส์,^c2555
300    ^a94 หน้า
440  0 ^aชุด เราคืออาเซียน
650  7 ^aประชาคมอาเซียน
650  7 ^aอาเซียน
945    ^p99^l0^i034071
999    ^aทศพร
รายการนี้ยังไม่มีแท็ก
คุณยังไม่ได้ล็อกอิน คุณสามารถมีกิจกรรมร่วมกับเว็บไซต์ได้ แต่ต้องล็อกอินก่อน ::
  ล็อกอิน

รายการสื่อสารสนเทศ

ลำดับที่ ประเภท เลขเรียก/บาร์โค้ด สถานที่ สถานะ
1. การศึกษาทั่วไป
หนังสือสำรอง
สถานะ=หนังสือสำรอง
DS520 พ517ร ฉ.1 
  Barcode: 034071
ห้องสมุดวิทยาเขตสวรรค์ประชารักษ์
►หนังสือทั่วไป
บนชั้น

รายการใกล้เคียง
    ผู้แต่ง [พัชรา โพธิ์กลาง]

    หัวเรื่อง [ประชาคมอาเซียน]
    หัวเรื่อง [อาเซียน]

BibComment


ยังไม่เคยถูกคอมเมนท์

คอมเมนท์ทรัพยากรรายการนี้
  คอมเมนท์: เราคืออาเซียน ปร..


 Copyright 2026. Bcnsprnw @Library